Mary, Mary
| Main Author: | |
|---|---|
| Format: | Book |
| Published: |
New York :
Time Warner Book ,
2005
|
| Subjects: |
MARC
| LEADER | 00000cam a2200000 7i4500 | ||
|---|---|---|---|
| 001 | 0000008273 | ||
| 005 | 20070914.0 | ||
| 008 | 070914 | ||
| 020 | |a 0446695556 | ||
| 090 | 0 | 0 | |a PAT |b ENG |
| 100 | 1 | |a Patterson, James | |
| 245 | 1 | 0 | |a Mary, Mary |c James Patterson |
| 260 | |a New York : |b Time Warner Book , |c 2005 | ||
| 650 | 0 | |a Novel | |
| 999 | |a 0000992258 |b Book |c Adult Collection |e Perbadanan Perpustakaan Awam Johor | ||
| 999 | |a 0000992259 |b Book |c Adult Collection |e Perbadanan Perpustakaan Awam Johor | ||